| 000 | 01150nam a22002177a 4500 | ||
|---|---|---|---|
| 999 |
_c57621 _d57621 |
||
| 003 | Ge_BSU | ||
| 005 | 20230524104716.0 | ||
| 008 | 200818s2019 ge ||||| |||| 00| 0 geo d | ||
| 041 | _ageo | ||
| 080 | _a003.074:37.016:811.353.1 ჯ-12 | ||
| 100 |
_aჯაგოდნიშვილი. თემურ _99249 |
||
| 245 |
_aწერისა და კვლევის სახელმძღვანელო : _bაკადემიური წერა / _cთ. ჯაგოდნიშვილი, ი. ჯაგიდნიშვილი, ი. გაბისონია. [ რედ. : ვ. მაღრაძე.] |
||
| 264 |
_aთბილისი. : _b "იურისტების სამყარო.", _c2019. |
||
| 300 |
_a427 გვ. _b21 სმ. |
||
| 504 | _aბიბლიოგრ გვ. 417-422 | ||
| 653 | _a ენათმეცნიერება | ||
| 700 |
_aჯაგოდნიშვილი, ი. _eავტორი _98182 |
||
| 700 |
_aგაბისონია, ი. _eავტორი _99250 |
||
| 700 |
_aმაღრაძე, ვ. _eრედაქტორი _99251 |
||
| 942 |
_2udc _cBK |
||